Mistrovství v SQL : 2 svazky, 1 CD
Salvato in:
| Autore principale: | |
|---|---|
| Natura: | Libro |
| Lingua: | ceco |
| Pubblicazione: |
Praha :
SoftPress,
2004
|
| Soggetti: | |
| Tags: |
Nessun Tag, puoi essere il primo ad aggiungerne!!
|
MARC
| LEADER | 00000nam a22000003a 4500 | ||
|---|---|---|---|
| 001 | stu92161 | ||
| 005 | 20150617225622.0 | ||
| 008 | 041220s2004----xr------------------cze-d | ||
| 020 | |a 80-86497-62-3 | ||
| 040 | |a STU |b slo | ||
| 041 | 0 | |a cze | |
| 044 | |a xr | ||
| 080 | |a 004.658.2 | ||
| 100 | 1 | |a Gruber, Martin |4 aut | |
| 245 | 1 | |a Mistrovství v SQL : |b 2 svazky, 1 CD | |
| 260 | |a Praha : |b SoftPress, |c 2004 | ||
| 300 | |a 1. zv. 480 s., 2. zv. 494 s., 1 CD | ||
| 650 | 7 | |a SQL |2 stusub | |
| 650 | 7 | |a sieťové operačné systémy |2 stusub | |
| 996 | |b 284M042963 |c M*11552/1-1 |l MMKN |s A |a 24 |w stu92161_0001 | ||
| 996 | |b 284M042964 |c M*11552/2-1 |l MMKN |s A |a 24 |w stu92161_0002 | ||
| 996 | |b 284M042965 |c M*CD-559 |l MMKN |s A |a 24 |w stu92161_0003 | ||